Οργανωτική - Βιομηχανική Ψυχολογία / Κίνητρα - Επαγγελματική Ικανοποίηση - Ηγεσία (Record no. 5668)
[ view plain ]
| 000 -LEADER | |
|---|---|
| fixed length control field | 02209cam a22001934a 4500 |
| 005 - ΗΜΕΡΟΜΗΝΙΑ ΚΑΙ ΩΡΑ ΤΕΛΕΥΤΑΙΑΣ ΕΝΗΜΕΡΩΣΗΣ | |
| Πεδίο ελέγχου | 20250605163511.0 |
| 008 - FIXED-LENGTH DATA ELEMENTS--GENERAL INFORMATION | |
| Πεδίο ελέγχου σταθερού μήκους | 250528s ||||||||||||||||||||||||d |
| 035 ## - SYSTEM CONTROL NUMBER | |
| System control number | 20577 |
| 020 ## - ISBN | |
| ISBN | 9607019652 |
| 040 ## - ΠΗΓΗ ΚΑΤΑΛΟΓΟΓΡΑΦΗΣΗΣ | |
| Φορέας πρωτότυπης καταλογογράφησης | MC Athens Campus Library |
| Γλώσσα καταλογογράφησης | Ελληνικά, Μοντέρνα (1453-) |
| Modifying agency | MC Athens Campus Library |
| Κανόνες περιγραφικής καταλογογράφησης | AACR2 |
| 245 1# - ΤΙΤΛΟΣ ΚΑΙ ΔΗΛΩΣΗ ΥΠΕΥΘΥΝΟΤΗΤΑΣ | |
| Τίτλος | Οργανωτική - Βιομηχανική Ψυχολογία / Κίνητρα - Επαγγελματική Ικανοποίηση - Ηγεσία |
| 250 ## - EDITION STATEMENT | |
| Edition statement | 2η |
| 260 ## - PUBLICATION, DISTRIBUTION, ETC. | |
| Name of publisher, distributor, etc. | Ελληνικά Γράμματα, |
| Date of publication, distribution, etc. | 1997 |
| 300 ## - PHYSICAL DESCRIPTION | |
| Extent | 200 |
| 520 ## - SUMMARY, ETC. | |
| Summary, etc. | Το παρόν βιβλίο αναφέρεται σ'έναν από τους πιο σημαντικούς τομείς της Εφαρμοσμένης Ψυχολογίας, αυτόν της Ανθρώπινης Εργασίας. Πρόλογος, Εισαγωγή, Το Ξεκίνημα και η Εξέλιξη της Οργανωτικής/ Βιομηχανικής Ψυχολογίας, Τα Κίνητρα της Συμπεριφοράς, Θεωρίες για τα Κίνητρα της Εργασίας, Η Θεωρία της Προσδοκίας, Η Θεωρία της Στοχοθέτησης, Συμπεριφοριστικές Θεωρίες, Επαγγελματική Ικανοποίηση, Κίνητρα και Επαγγελματική Ικανοποίηση, Ηγεσία: Η Άσκηση του Διευθυντικού Ρόλου, Ηγεσία που Σχετίζεται με τα Χαρακτηριστικά της Κατάστασης, Το Μοντέλο Ηγεσίας των Vroom-Yetton, Το Μοντέλο της Κάθετης Δυάδας, Το Μοντέλο Πορείας - Στόχου, Η Θεωρία της ''Ηγεσίας Ανάλογα με την Κατάσταση'' των Hersey και Blanchard, Υποκατάστατα της Ηγεσίας, Η Ηγεσία ως Προϊόν Κοινωνικό-γνωστικών Αντιληπτικών Διαδικασιών, Χαρισματική και Διαπραγματευτική και Μετασχηματιστική Ηγεσία, Ηγεσία - Συμπεράσματα, Βιβλιογραφία, Ευρετήριο Όρων. |
| 942 ## - ADDED ENTRY ELEMENTS (KOHA) | |
| Koha item type | Books |
| Τύπος τεκμηρίου | Βιβλιοθήκη | Τρέχουσα τοποθεσία | Barcode | Αριθμός εισαγωγής | Ημερομηνία απόκτησης | Ταξιθετικό σύμβολο | Αριθμός αντιτύπου | Κατάσταση απόσυρσης | Κατάσταση χαμένου | Κατάσταση κατεστραμμένου | Μη δανεισμός | Σύνολο δανεισμών | Ημερομηνία τελευταίας εμφάνισης | Η τιμή ισχύει από |
|---|---|---|---|---|---|---|---|---|---|---|---|---|---|---|
| Books | MC Athens Campus Library | MC Athens Campus Library | 9780000056672 | 7064 | 05/06/2025 | 158.7 KAN V.1 | 2 | 05/06/2025 | 05/06/2025 |